Every Dua Lipa Song on the Billboard Hot 100 - Statistics

General Stats
  • This quiz has been taken 699 times
    576 since last reset
  • The average score is 7 of 14
Answer Stats
# Year Song % Correct
5 2021 Levitating ft. DaBaby
93%
6 2018 New Rules
93%
2 2020 Don't Start Now
80%
60 2020 Physical
71%
26 2018 One Kiss (Calvin Harris)
68%
13 2020 Break My Heart
64%
49 2018 IDGAF
62%
72 2016 Blow Your Mind (Mwah)
40%
76 2017 Scared To Be Lonely (Martin Garrix)
35%
62 2019 Electricity (Silk City)
34%
54 2020 Prisoner (Miley Cyrus)
30%
38 2021 We're Good
28%
93 2018 Kiss And Make Up (BLACKPINK)
24%
63 2020 Un Dia (One Day) (J. Balvin, Bad Bunny & Tainy)
20%
No matching quizzes found
Score Distribution
Percent of People with Each Score
Percentile by Number Answered
Your Score History
You have not taken this quiz since the last reset